00210nac a2200073zu 4500008004100000245002200041260004300063300003000106260114b1999 sp a|||br|||| 000 0 spa d aLAS FOTOS DE SARA aESPAÑA:bEDICIONES DESTINO1999c1999 a38 páginas;c28 X 21 cm